Comentarios al código sísmico de Costa Rica 2002
Gorde:
| Egile nagusia: | |
|---|---|
| Formatua: | Liburua |
| Argitaratua: |
Cartago : Editorial Tecnológica de Costa Rica
2007
|
| Gaiak: | |
| Etiketak: |
Etiketa erantsi
Etiketarik gabe, Izan zaitez lehena erregistro honi etiketa jartzen!
|
MARC
| LEADER | 00000nam a2200000Ia 4500 | ||
|---|---|---|---|
| 003 | 000132 | ||
| 005 | 20221231144022.0 | ||
| 008 | 140114s2007 c a 000 ||s d | ||
| 040 | |c cru CEDI | ||
| 082 | |a 693.852 C669co | ||
| 100 | |a Colegio Federado de Ingenieros y de Arquitectos de Costa Rica |c |9 18391 | ||
| 245 | |a Comentarios al código sísmico de Costa Rica 2002 | ||
| 260 | |a Cartago : Editorial Tecnológica de Costa Rica |c 2007 | ||
| 300 | |a 1 volumen (en varias paginaciones) : ilustraciones. | ||
| 650 | |x CODIGO SISMICO |x CONSTRUCCIONES ANTISISMICAS |x CONSTRUCCIONES ANTISISMICAS - LEGISLACION |x Costa Rica. [Código sísmico] |9 18392 | ||
| 942 | |2 ddc |c BK | ||
| 999 | |c 15676 |d 15676 | ||
